000 00452nam a2200181Ia 4500
001 21063
005 20260306172851.0
008 260306t1995||||xx |||||||||||||| ||spa||
041 _aESP
082 _a344
_bJ414 N° 1
100 _aJakobs, Günther,
_eAUT
245 0 _aLa competencia por organización en el delito omisivo
260 _c1995
300 _a39 páginas :
_c21 cm.
650 _aGEN
654 _aCDE
942 _cLIB
_dJUS
_fJUS
_2ddc
_n
999 _c21063
_d21063